00569nam a22001217a 4500003000400000005001700004008004100021040001200062082001200074100002600086245004600112520028900158OSt20250808114321.0230919b |||||||| |||| 00| 0 eng d cCO-JMCR04aCbHERp10aPanamericana, eautor aSi yo fuera ... :b héroe de cuentos /  a¿Te imaginas ser el personaje principal de tus cuentos favoritos? con "Si yo fuera... héroe de cuentos" puede ser un caballero medieval que recorre el mundo salvando princesas, o un mago que sabe mucho de hechizos y helados, o un pirata que surca los mares en busca de un tesoro...